Využitie informačných a komunikačných technológií v podnikoch cestovného ruchu a ekonomické dôsledky diplomová práca

Na minha lista:
Detalhes bibliográficos
Autor principal: Hurňanská, Lucia
Autor Corporativo: Obchodná fakulta EU. Katedra služieb a cestovného ruchu - zrušené
Outros Autores: Benešová, Dana, 1958-
Formato: Livro
Idioma:eslovaco
Publicado em: Bratislava 2016
Tags: Adicionar Tag
Sem tags, seja o primeiro a adicionar uma tag!

MARC

LEADER 00000nbm a2200000 4500
001 0216662
005 20170126133916.5
041 0 |a slo 
044 |a SK 
245 1 0 |a Využitie informačných a komunikačných technológií v podnikoch cestovného ruchu a ekonomické dôsledky  |b diplomová práca  |c Lucia Hurňanská ; školiteľ: Dana Benešová 
264 1 |a Bratislava  |c 2016 
300 |a 64 s. 
100 1 |a Hurňanská, Lucia 
700 1 |a Benešová, Dana, 1958- 
710 2 |a Obchodná fakulta EU. Katedra služieb a cestovného ruchu - zrušené